00325nam a2200121Ia 450000500170000000800410001708200130005810000180007124500240008926000440011330000120015750000340016920241114012935.0240331s9999 xx 000 0 und d bSENa823 aSeneviratne,M 4aThe fleeting moment aColombobSwastika Private Limitedc1986 a56 p ., aA Collection Of Short Stories